Learning with nature embedding outdoor practice

Saved in:
Bibliographic Details
Main Author: WARDEN, Claire
Format: Book
Language:English
Published: SAGE 2015
Tags: Add Tag
No Tags, Be the first to tag this record!

MARC

LEADER 00000nam a22000007a 4500
008 201210b ||||| |||| 00| 0 eng d
020 |a 978-1-4462-8746-0 
100 |a WARDEN, Claire 
245 |a Learning with nature  |b embedding outdoor practice  |c Claire Warden  |g xiv, 95p.; ill 
260 |b SAGE  |c 2015  |h Los Angeles  |i 692249   |i 692250  |l LC1038 .W21  |m Outdoor education.  |m Nature study  |m Fieldwork (Educational method) 
500 |a “It includes bibliographical references and index”. 
942 |a lcc  |c BK  |e O.A.JOHNSON  |f 10/12/20 
952 |0 0  |1 0  |2 lcc  |4 0  |6 LC1038 W21  |7 0  |9 348  |a HOL  |b ED  |c LP  |d 2020-12-10  |o LC1038 .W21  |p 2020-2083  |r 2020-12-10 00:00:00  |w 2020-12-10  |y BK 
952 |0 0  |1 0  |2 lcc  |4 0  |6 LC1038 W21  |7 0  |9 349  |a HOL  |b HOL  |c LP  |d 2020-12-10  |o LC1038 .W21  |p 2020-2084  |r 2020-12-10 00:00:00  |w 2020-12-10  |y BK 
999 |c 166  |d 166